Facultad de Arquitectura, Planeamiento y Diseño: 90 años

Tallennettuna:
Bibliografiset tiedot
Yhteisötekijä: Universidad Nacional de Rosario (Tekijä)
Aineistotyyppi: Kirja
Kieli:espanja
Julkaistu: Rosario Universidad Nacional de Rosario 2013
Aiheet:
Tagit: Lisää tagi
Ei tageja, Lisää ensimmäinen tagi!

MARC

LEADER 00000cam a2200000 a 4500
001 UCF9074
003 CL-VaPUC
008 131018e20130000ag |||||||||||||||||spa|d
082 0 4 |a 378.00982  |b UNI  |2 21 
110 2 |a Universidad Nacional de Rosario  |e author  |9 571271 
245 1 0 |a Facultad de Arquitectura, Planeamiento y Diseño: 90 años 
300 |a 195 p 
942 |c BK 
945 |d 20131018 14:00:00  |a dcastane 
260 |a Rosario  |b Universidad Nacional de Rosario  |c 2013 
650 0 |a Educación superior   |9 223851 
650 0 |a Arquitectura  |9 804558 
650 0 |a Arquitectura argentina   |9 371610 
583 |a last modification  |c 20131018 14:00:00  |k Rodrigo Vera 
999 |c 353559  |d 353557 
952 |0 0  |1 0  |3 erb  |4 0  |6 378_009820000000000_UNI_2013  |7 0  |8 P  |9 458883  |a BIBARQ  |b BIBARQ  |d 2019-11-23  |i 5021421  |o 378.00982 UNI 2013  |p 5021421  |r 2025-01-20  |w 2019-11-23  |y BK  |z Catalogado en:20131018  |k ARQ